LIBRARY ONLINE CATALOGUE

Pontifical Council for the Family : (Record no. 6267)

MARC details
000 -LEADER
fixed length control field 00524cam a22001812 4500
001 - CONTROL NUMBER
control field 0000003180
005 - DATE AND TIME OF LATEST TRANSACTION
control field 20151217151917.0
008 - FIXED-LENGTH DATA ELEMENTS--GENERAL INFORMATION
fixed length control field 070430s xx 000 0 eng d
020 ## - INTERNATIONAL STANDARD BOOK NUMBER
International Standard Book Number 9966212469 :
Terms of availability KES 220
040 ## - CATALOGING SOURCE
Original cataloging agency KABU
Transcribing agency KABU
050 #0 - LIBRARY OF CONGRESS CALL NUMBER
Classification number HQ21
Item number .P66
245 10 - TITLE STATEMENT
Title Pontifical Council for the Family :
Remainder of title The Truth and meaning of human sexuality.
260 ## - PUBLICATION, DISTRIBUTION, ETC. (IMPRINT)
Place of publication, distribution, etc. Nairobi :
Name of publisher, distributor, etc. Paulines Publications,
Date of publication, distribution, etc. 1996.
300 ## - PHYSICAL DESCRIPTION
Extent 64 p.
650 ## - SUBJECT ADDED ENTRY--TOPICAL TERM
Topical term or geographic name as entry element Sex
908 ## - PUT COMMAND PARAMETER (RLIN)
Put command parameter 070430
Holdings
Withdrawn status Lost status Source of classification or shelving scheme Not for loan Home library Current library Date acquired Total Checkouts Full call number Barcode Date last seen Price effective from Koha item type
    Library of Congress Classification   Kabarak, Main Campus Kabarak, Main Campus 17/12/2015   HQ21 .P66 007730 17/12/2015 17/12/2015 General Collection